000 00417nam a2200181Ia 4500
001 10439
005 20260306161832.0
008 260306t1997||||xx |||||||||||||| ||spa||
041 _aESP
082 _a929.0985
_bP78
100 _aPortocarrero Suárez, Felipe
_eAUT
245 0 _aEl imperio Prado:
_b1890-1970
260 _c1997
300 _a
_c
650 _aGEN
654 _aCHU
942 _cLIB
_dJUS
_fJUS
_2ddc
_n
999 _c10439
_d10439